000 01225cam a2200289 ia4500
003 SA-RiAUC
005 20251029141600.0
008 240929s1965 su o g 00010 ara c
040 _aSA-MdTU
_bara
_cSA-RiAUC
_erda
043 _aa-su---
082 0 4 _a953.121
090 _a953.121
_bك ر د
100 1 _aالكردي، محمد طاهر بن عبد القادر،
_d1321-1400 هجري
_eمؤلف.
245 1 2 _aالتاريخ القويم لمكة وبيت الله الكريم/
_cتأليف محمد طاهر بن عبد القادر بن محمود الكردي المكي الشافعي الخطاط.
250 _aالطبعة الأولى.
264 1 _aمكة المكرمة :
_bمكتبة النهضة الحديثة،
_c1965
300 _a6 مجلد :
_bصور ؛
_c32 سم
336 _aنص
_btxt
_2rdacontent
_3كتاب
337 _aبدون وسيط
_bn
_2rdamedia
338 _aمجلد
_bnc
_2rdacarrier
500 _aمجلد 5، 6 صدرا بتاريخ 1412 هـ.
610 2 7 _aالمسجد الحرام
_xتاريخ
_2aucnm
650 7 _aالكعبة
_xتاريخ
_2aucsh
651 7 _aمكة المكرمة
_xتاريخ
_2aucsh
942 _2ddc
_cBOOK
_n0
949 _aSA-JeALM
_d240929
_umohamedma123
_n1
999 _c680
_d680